00878na a2200253 450000100060000000300080000600500170001400800410003103500100007204000250008208200230010709000220013010000270015224500720017926000290025130000180028060000730029865000670037165000370043870000170047594200130049295201040050599900150060913883MIRAKIL20181213155303.0160819b tu 000 0  a13883 aMilasbturcTR-AnCHP a320.531bS64s 1976 a320.531 S64s 1976 aSoljenitsin,Aleksander aSoljenitsin ve batıcAleksander Soljenitsin ; derleyen Ferda Koray a[y.y]b[ yayl. y.]c1976 a88 s.c15 sm. aSoljenitsin, Aleksanderd1918-2008xSiyasal ve sosyal görüşler aSiyaset ve edebiyatxSovyetler BirliğixTarihy20. yüzyıl aSoljenitsinxEleştiri ve yorum aKoray, Ferda 2ddccBKS a0001b0001d2016-08-19e2l0o320.531 S64s 1976p001578r2016-08-19 00:00:00v0.00w2016-08-19yBKS c9983d9983